[Event "Abel Cardona Open"]
[Site "Cali COL"]
[Date "2000.12.17"]
[Round "3"]
[White "Pupo,E"]
[Black "Renteria,J"]
[Result "1-0"]
[WhiteElo "2365"]
[BlackElo "2271"]

1.e4 c5 2.Nf3 d6 3.d4 cxd4 4.Nxd4 Nf6 5.Nc3 a6 6.f3 e5 7.Nb3 Be6 8.Be3 Be7
9.Qd2 O-O 10.O-O-O a5 11.Bb5 Na6 12.Kb1 Nc7 13.Bb6 Qc8 14.Bxc7 Qxc7 15.g4 Rfc8
16.g5 Nh5 17.Nc1 Nf4 18.h4 Qb6 19.N1e2 Nxe2 20.Bxe2 a4 21.a3 Rc5 22.Nd5 Bxd5
23.exd5 Qa5 24.c3 Rac8 25.Bd3 g6 26.Be4 Bf8 27.h5 Bg7 28.hxg6 hxg6 29.Rh3 Qb6
30.Ka1 Qb3 31.Rdh1 f5 32.gxf6 Bxf6 33.Qh6 Bg7 34.Qxg6  1-0

[Event "Abel Cardona Open"]
[Site "Cali COL"]
[Date "2000.12.21"]
[Round "7"]
[White "Pupo,E"]
[Black "Vittorino,C"]
[Result "1/2-1/2"]
[WhiteElo "2365"]
[BlackElo "2268"]

1.e4 c5 2.Nf3 d6 3.d4 cxd4 4.Nxd4 Nf6 5.Nc3 a6 6.f3 e6 7.Be3 b5 8.Qd2 Nbd7
9.g4 h6 10.O-O-O Bb7 11.Bd3 Rc8 12.Rhe1 Be7 13.h4 Nc5 14.Kb1 g5 15.hxg5 hxg5
16.Rh1 Rg8 17.a3 Nfd7 18.b4 Nxd3 19.cxd3 Ne5 20.Rc1 Bf6 21.Nce2 d5 22.Rxc8 Qxc8
23.Rg1 dxe4 24.fxe4 Qd8 25.Nc1 Bxe4 26.dxe4 Nc4 27.Qc3 Nxe3 28.Qc6+ Kf8 29.Qc5+ Ke8
30.e5 Be7 31.Qc6+ Qd7 32.Qa8+ Bd8 33.Nc6 Qd2 34.Nxd8 Kd7 35.Qc6+ Kxd8 36.Rg3 Qd4
37.Qxa6  1/2-1/2

[Event "ch-POL Girls U16"]
[Site "Zakopane POL"]
[Date "2001.01.23"]
[Round "8"]
[White "Toma,K"]
[Black "Worek,J"]
[Result "0-1"]
[WhiteElo "2101"]
[BlackElo "2132"]

1.e4 c5 2.Nf3 d6 3.d4 cxd4 4.Nxd4 Nf6 5.Nc3 a6 6.f3 Qb6 7.Be3 Qxb2 8.Na4 Qb4+
9.c3 Qa5 10.Rb1 Nbd7 11.Qb3 e6 12.g4 Nc5 13.Nxc5 dxc5 14.Nc2 Be7 15.Be2 Nd7
16.g5 Qc7 17.a4 Bd6 18.h4 Bf4 19.Bf2 b6 20.Ne3 Rb8 21.Ng2 Bd6 22.Rd1 Bb7
23.Ne3 Bg3 24.Nc4 Bc6 25.Rh3 Bxf2+ 26.Kxf2 O-O 27.Nd6 b5 28.axb5 axb5 29.Bxb5 Ne5
30.Qa4 Rfd8 31.Bxc6 Rxd6 32.Rxd6 Qxd6 33.Bb5 Qd2+ 34.Kg3 Qxc3 35.Be2 Qe1+
36.Kf4 Qxe2 37.Kxe5 Qg2 38.Qa7 Rf8  0-1

[Event "ch-POL Girls U16"]
[Site "Zakopane POL"]
[Date "2001.01.26"]
[Round "11"]
[White "Kupczyk,E"]
[Black "Balkiewicz,E"]
[Result "0-1"]
[WhiteElo "2010"]
[BlackElo "2047"]

1.e4 c5 2.Nf3 d6 3.d4 cxd4 4.Nxd4 Nf6 5.Nc3 a6 6.f3 e6 7.Be3 Nc6 8.Qd2 Be7
9.O-O-O Qc7 10.g4 b5 11.h4 Ne5 12.g5 Nh5 13.Rg1 Nc4 14.Bxc4 bxc4 15.f4 Rb8
16.Qe2 g6 17.f5 O-O 18.Qg4 Qb6 19.Kd2 Qb7 20.f6 Bd8 21.Nde2 Ba5 22.Rb1 e5
23.Qf3 Be6 24.Kc1 Rfd8 25.Rd1 Bb4 26.a3 Ba5 27.Nd5 Bxd5 28.Rxd5 Qc7 29.Bd2 Bb6
30.Bc3 Bc5 31.Ra1 Qa7 32.Kd2 Rb5 33.Bxe5 Bf2 34.Bd4 Bxd4 35.Rxd4 Qb6 36.Qc3 Rxb2
37.Qxc4 Rb5 38.a4 Rc5 39.Qb3 Qa5+ 40.Qb4 Qc7 41.c3 a5 42.Qb3 Rb8 43.Qc2 Qb6
44.Rd1 h6 45.Ke1 hxg5 46.Rxd6 Qc7 47.hxg5 Rxg5 48.Qa2 Rg2 49.Kf1 Rh2 50.R1d2 Rf8
51.Qd5 Qa7 52.Qd4 Qb8 53.Kg1 Rh4 54.Rd8 Qh2+ 55.Kf1 Qh1+ 56.Kf2 Rh2+ 57.Ke3 Rh3+
58.Kf2 Rf3+  0-1

[Event "Open"]
[Site "Ubeda ESP"]
[Date "2001.01.28"]
[Round "8"]
[White "Vokarev,S"]
[Black "Paragua,M"]
[Result "0-1"]
[WhiteElo "2492"]
[BlackElo "2427"]

1.e4 c5 2.Nf3 d6 3.d4 cxd4 4.Nxd4 Nf6 5.Nc3 a6 6.f3 e5 7.Nb3 Be6 8.Be3 Nbd7
9.g4 b5 10.g5 b4 11.Ne2 Nh5 12.Qd2 Be7 13.Ng3 Nf4 14.h4 h6 15.Bxf4 exf4 16.Nh5 Bxb3
17.axb3 g6 18.Nf6+ Nxf6 19.gxf6 Bxf6 20.O-O-O Be5 21.Qxb4 O-O 22.h5 g5 23.Rd3 Rb8
24.Qa4 a5 25.Bh3 Rb4 26.Qa3 Qb6 27.Bd7 Qb7 28.Ba4 g4 29.fxg4 Qxe4 30.Rhd1 f3
31.Bd7 f2 32.Rf1 Qe2 33.Rdd1 Rd4  0-1

[Event "TCh-FRA"]
[Site "Bordeaux FRA"]
[Date "2001.02.03"]
[Round "2"]
[White "Cornette,M"]
[Black "Buchy,D"]
[Result "1-0"]
[WhiteElo "2202"]
[BlackElo "2185"]

1.e4 c5 2.Nf3 d6 3.d4 cxd4 4.Nxd4 Nf6 5.Nc3 a6 6.f3 e5 7.Nb3 Be6 8.Be3 Be7
9.Qd2 Nbd7 10.Nd5 Bxd5 11.exd5 O-O 12.c4 Rc8 13.Be2 Nh5 14.O-O f5 15.Kh1 f4
16.Bf2 Bh4 17.Qe1 Bxf2 18.Qxf2 Qg5 19.Rfe1 Ng3+ 20.Kg1 Nf5 21.Nd2 Ne3 22.Ne4 Qh6
23.Bd3 Nc5 24.Nxc5 Rxc5 25.b4 Rc7 26.Rac1 Rfc8 27.Qb2 Nxc4 28.Bxc4 Rxc4 29.Rxc4 Rxc4
30.Rc1 b5 31.Rxc4 bxc4 32.Qc2 Qh4 33.Qc1 g5 34.h3 h5 35.Kf1 g4 36.Qxc4 gxf3
37.Qc8+ Kg7 38.Qd7+ Kg8 39.gxf3 e4 40.fxe4  1-0

[Event "TCh-FRA"]
[Site "Noyon FRA"]
[Date "2001.02.03"]
[Round "2"]
[White "Bologan,V"]
[Black "Moreno Carnero,J"]
[Result "1-0"]
[WhiteElo "2684"]
[BlackElo "2483"]

1.e4 c5 2.Nf3 d6 3.d4 cxd4 4.Nxd4 Nf6 5.Nc3 a6 6.Be3 Ng4 7.Bc1 Nf6 8.f3 e6
9.Be3 b5 10.Qd2 Nbd7 11.g4 Nb6 12.Qf2 Nfd7 13.O-O-O Bb7 14.Bd3 Rc8 15.Nce2 Be7
16.h4 O-O 17.Kb1 d5 18.Ng3 b4 19.Bg5 a5 20.f4 Nc5 21.e5 Nxd3 22.cxd3 Nd7
23.Nh5 Ba6 24.Qe3 g6 25.f5 Bxg5 26.hxg5 gxh5 27.Rxh5 Qc7 28.Rdh1 Qxe5 29.Rxh7 Rfe8
30.Qxe5  1-0

[Event "TCh-FRA"]
[Site "Bordeaux FRA"]
[Date "2001.02.04"]
[Round "3"]
[White "Cornette,M"]
[Black "Touzane,O"]
[Result "1-0"]
[WhiteElo "2202"]
[BlackElo "2388"]

1.e4 c5 2.Nf3 d6 3.d4 cxd4 4.Nxd4 Nf6 5.Nc3 a6 6.f3 e5 7.Nb3 Be6 8.Be3 Nbd7
9.Qd2 h5 10.O-O-O b5 11.Kb1 Nb6 12.Qf2 Nfd7 13.f4 Rc8 14.fxe5 Rxc3 15.bxc3 Na4
16.Bd4 Qc7 17.exd6 Bxd6 18.Qe3 Bf4 19.Qe1 Ne5 20.Bd3 Nc4 21.e5 Qe7 22.Bxc4 Qa3
23.Bxb5+ axb5 24.c4 bxc4 25.Qe4 O-O 26.Qxf4 cxb3 27.cxb3 Bxb3 28.axb3 Qxb3+
29.Kc1 Qa2 30.Qf5 Rb8 31.Qc2 Qa3+ 32.Kd2 Nb2 33.Rb1 Qa5+ 34.Qc3 Qd5 35.Rhf1 Rd8
36.Rxb2 Qe4 37.Rb4 Qxg2+ 38.Ke1 Qxh2 39.Qf3 Qh4+ 40.Qf2 Qe4+ 41.Qe3 Qh4+
42.Ke2 Ra8 43.Rb2  1-0

[Event "FSIMA February"]
[Site "Budapest HUN"]
[Date "2001.02.06"]
[Round "3"]
[White "Dembo,Y"]
[Black "Anka,E"]
[Result "1-0"]
[WhiteElo "2342"]
[BlackElo "2425"]

1.e4 c5 2.Nf3 d6 3.d4 cxd4 4.Nxd4 Nf6 5.Nc3 a6 6.f3 e5 7.Nb3 Be6 8.Be3 Be7
9.Qd2 Nbd7 10.g4 O-O 11.O-O-O Qc7 12.g5 Nh5 13.Kb1 Rfc8 14.Nd5 Bxd5 15.exd5 a5
16.a3 a4 17.Nc1 Nb6 18.Na2 Nc4 19.Bxc4 Qxc4 20.Rhg1 Bd8 21.Rg4 Qa6 22.Qd3 Qxd3
23.Rxd3 Nf4 24.Bxf4 exf4 25.Rd4 h5 26.gxh6 Bf6 27.Rdxf4 Be5 28.Rxa4 Rxa4
29.Rxa4 gxh6 30.h3 Kh7 31.Nc1 Rc5 32.Nd3 Rxd5 33.Ra7 Rb5 34.a4 Bd4 35.axb5 Bxa7
36.Nf4 Be3 37.Ng2 Bg5 38.c4 Kg6 39.Kc2 Kf5 40.Kd3 Ke6 41.b3 Bd8 42.Ne3 f5
43.Nd5 Ke5 44.f4+ Ke6 45.Ne3 Bh4 46.Nd5 Bg3 47.Ke3 Be1 48.Ke2 Bg3 49.Kf3 Be1
50.Ne3 Bc3 51.Nc2 Bd2 52.b4 Bc3 53.Ke3 Kf6 54.Kd3 Bb2 55.Nd4 Ba3 56.Kc3 Bc1
57.Ne2 Be3 58.Kd3 Bf2 59.Nd4 Be1 60.c5 Bxb4 61.c6 bxc6 62.bxc6 Ba5 63.Kc4 Bc7
64.Kd5 Bb8 65.Nb5 Kg6 66.c7 Bxc7 67.Nxc7 Kh5 68.Kxd6 Kh4 69.Ke5 Kxh3 70.Kxf5 Kg3
71.Ne6 h5 72.Ng5 h4 73.Ke5  1-0

[Event "ch-ROM Women"]
[Site "Baile Tusnad ROM"]
[Date "2001.02.09"]
[Round "3"]
[White "Duminica,M"]
[Black "Trofim,G"]
[Result "1/2-1/2"]
[WhiteElo "2073"]
[BlackElo "2102"]

1.e4 c5 2.Nf3 d6 3.d4 cxd4 4.Nxd4 Nf6 5.Nc3 a6 6.f3 e6 7.Be3 b5 8.Qd2 Bb7
9.O-O-O Nbd7 10.g4 h6 11.h4 Ne5 12.Bd3 b4 13.Nce2 d5 14.Ng3 dxe4 15.Nxe4 Nxf3
16.Nxf6+ gxf6 17.Qf2 Nxd4 18.Bxd4 Bxh1 19.Bxf6 Qa5 20.Rxh1 Rg8 21.Bh7 Rxg4
22.Qf3 Qd5 23.Qxd5 exd5 24.Re1+ Re4 25.Bxe4 dxe4 26.Rxe4+ Kd7 27.h5 Rb8 28.Bd4 Rb5
29.Rf4 Ke7 30.Be3 Ke6 31.Rc4 Rxh5 32.Rc6+ Kd5 33.Rxa6 Ke4 34.Ba7 Be7 35.Ra4 Rh1+
36.Kd2 Rh2+ 37.Kd1 Rh1+ 38.Ke2 Rh2+ 39.Kd1 Kf3 40.Bb8 Rg2 41.Ra7 Bg5 42.Rxf7+ Ke4
43.Rc7 Kf3 44.Rf7+ Ke4 45.Rc7  1/2-1/2

[Event "TCh-SVK"]
[Site "SVK"]
[Date "2001.02.10"]
[Round "8"]
[White "Siroky,J"]
[Black "Djubek,B"]
[Result "1/2-1/2"]
[WhiteElo "2182"]
[BlackElo "2191"]

1.e4 c5 2.Nf3 d6 3.d4 cxd4 4.Nxd4 Nf6 5.Nc3 a6 6.f3 h5 7.Be3 e5 8.Nb3 Be6
9.Qd2 Be7 10.O-O-O Nbd7 11.Be2 Rc8 12.h3 h4 13.f4 b5 14.Bf3 O-O 15.f5 Bxb3
16.axb3 Nc5 17.b4 Na4 18.Nxa4 bxa4 19.g3 Qc7 20.gxh4 Qc4 21.Qd3 Qxb4 22.Bd2 Qc4
23.Bg5 Qa2 24.Qa3  1/2-1/2

[Event "Open"]
[Site "Cappelle la Grande FRA"]
[Date "2001.02.25"]
[Round "2"]
[White "Paehtz,T"]
[Black "Fressinet,L"]
[Result "0-1"]
[WhiteElo "2449"]
[BlackElo "2581"]

1.e4 c5 2.Nf3 d6 3.d4 cxd4 4.Nxd4 Nf6 5.Nc3 a6 6.f3 e5 7.Nb3 Be6 8.Be3 Nbd7
9.g4 b5 10.g5 b4 11.Ne2 Nh5 12.Qd2 a5 13.Ng3 Nxg3 14.hxg3 a4 15.Nc1 Qa5 16.f4 g6
17.Nd3 Bg7 18.a3 bxa3 19.Qxa5 Rxa5 20.Rxa3 d5 21.Bg2 d4 22.Bd2 Ra7 23.Bb4 Bf8
24.b3 Bxb4+ 25.Nxb4 Nb6 26.O-O O-O 27.fxe5 Rd7 28.Rd1 axb3 29.cxb3 Rc8 30.Rd2 Rc3
31.Ra6 Rb7 32.Nd5 Rxb3 33.Rxd4 Kg7 34.Nf4 Bc8 35.Kh2 Rb5 36.Nd5 Rb2 37.Nf6 Nd7
38.Rc6 Nxe5 39.Rxc8 Nf3+ 40.Kh3 Nxg5+ 41.Kg4 Kxf6 42.e5+ Kxe5 43.Bxb7 Kxd4
44.Kxg5 Rxb7 45.g4 h5 46.gxh5 Rb5+ 47.Kf6 Rf5+ 48.Kg7 gxh5 49.Re8 h4 50.Rh8 Rf4
51.Re8 h3 52.Re2 Rh4  0-1

[Event "Open"]
[Site "Cappelle la Grande FRA"]
[Date "2001.02.27"]
[Round "5"]
[White "Daubenfeld,G"]
[Black "Odeev,H"]
[Result "0-1"]
[WhiteElo "2105"]
[BlackElo "2472"]

1.e4 c5 2.Nf3 d6 3.d4 cxd4 4.Nxd4 Nf6 5.Nc3 a6 6.f3 Qb6 7.a4 e6 8.a5 Qc7
9.Be3 d5 10.exd5 exd5 11.Bd3 Be7 12.O-O Bd6 13.f4 O-O 14.Qf3 Re8 15.Nf5 Bxf5
16.Bxf5 Rxe3 17.Qd1 Nc6 18.Nxd5 Nxd5 19.Qxd5 Be7  0-1

[Event "FSIMA March"]
[Site "Budapest HUN"]
[Date "2001.03.12"]
[Round "9"]
[White "Hajnal,Z"]
[Black "Tian Tian"]
[Result "1-0"]
[WhiteElo "2349"]
[BlackElo "2224"]

1.e4 c5 2.Nf3 d6 3.d4 cxd4 4.Nxd4 Nf6 5.Nc3 a6 6.f3 e5 7.Nb3 Be6 8.Be3 Be7
9.Qd2 O-O 10.O-O-O b5 11.g4 b4 12.Nd5 Bxd5 13.exd5 a5 14.Kb1 a4 15.Nc1 Ra5
16.Bc4 Na6 17.Bxa6 Rxa6 18.Qxb4 Qc7 19.c4 Nd7 20.Nd3 Rb8 21.Qc3 Nb6 22.Nb4 Raa8
23.Nc6 a3 24.Nxb8 Qxb8 25.Bxb6 Qxb6 26.b3 Bf6 27.Rhe1 Qf2 28.Re4 g6 29.c5 dxc5
30.d6 h6 31.f4 Bg7 32.fxe5 Qxh2 33.Qc2 Qg3 34.Qxc5 Qf3 35.Qc2 f5 36.gxf5 Qxf5
37.Re2 Qf4 38.Qc4+ Qxc4 39.bxc4  1-0

[Event "17th Spring Festival"]
[Site "Budapest HUN"]
[Date "2001.03.17"]
[Round "2"]
[White "Resika,N"]
[Black "Luksik,M"]
[Result "1-0"]
[WhiteElo "2288"]
[BlackElo "2160"]

1.e4 c5 2.Nf3 d6 3.d4 cxd4 4.Nxd4 Nf6 5.Nc3 a6 6.Be3 Ng4 7.Bc1 Nf6 8.f3 e5
9.Nb3 Be6 10.Be3 d5 11.exd5 Nxd5 12.Nxd5 Qxd5 13.Qxd5 Bxd5 14.O-O-O Bxb3
15.axb3 Nc6 16.g3 Be7 17.f4 Rd8 18.Bg2 exf4 19.Bxc6+ bxc6 20.Rxd8+ Kxd8 21.Bxf4 Re8
22.Kd2 Kc8 23.Ra1 Kb7 24.Ra4 g5 25.Be3 f5 26.c3 Rd8+ 27.Ke2 Rd5 28.b4 Re5
29.Kd3 Rd5+ 30.Kc4 h5 31.Ra1 Re5 32.Kd3 Rd5+ 33.Kc4 Re5 34.Bd4 Rd5 35.Re1 Bd6
36.Re6 g4 37.Rf6 h4 38.gxh4 Bxh2 39.h5 f4 40.Rf7+ Kc8 41.h6 Rd8 42.Be5 Bg1
43.Rc7+ Kb8 44.Rd7+  1-0

[Event "TCh-SVK"]
[Site "SVK"]
[Date "2001.03.17"]
[Round "10"]
[White "Fabian,Ja"]
[Black "Helbich,Jan"]
[Result "1/2-1/2"]
[WhiteElo "2275"]
[BlackElo "2233"]

1.e4 c5 2.Nf3 d6 3.d4 cxd4 4.Nxd4 Nf6 5.Nc3 a6 6.f3 e6 7.Be3 b5 8.Qd2 Bb7
9.O-O-O Nbd7 10.g4 h6 11.h4 b4 12.Na4 Qa5 13.b3 Nc5 14.a3 Nxa4 15.axb4 Qc7
16.bxa4 Nd7 17.Bh3 Nb6 18.g5 e5 19.Nf5 Rd8 20.gxh6 gxh6 21.Rhg1 Nxa4  1/2-1/2

[Event "TCh-ROM"]
[Site "Sovata ROM"]
[Date "2001.03.21"]
[Round "1"]
[White "Vasiesiu,D"]
[Black "Navrotescu,C"]
[Result "1-0"]
[WhiteElo "2439"]
[BlackElo "2451"]

1.e4 c5 2.Nf3 d6 3.d4 cxd4 4.Nxd4 Nf6 5.Nc3 a6 6.f3 e6 7.Be3 Nc6 8.Qd2 Be7
9.O-O-O O-O 10.g4 Nxd4 11.Qxd4 b5 12.h4 Qa5 13.g5 b4 14.Ne2 Nd7 15.Kb1 Bb7
16.h5 Bxg5 17.Bxg5 Qxg5 18.h6 e5 19.Qxb4 Nc5 20.Rxd6 Qe3 21.Qc3 Qxc3 22.Nxc3 Rfd8
23.Rb6 Rac8 24.hxg7 Rc6 25.Rxc6 Bxc6 26.Bc4 Kxg7 27.Rg1+ Kf6 28.Nd5+ Bxd5
29.Bxd5 h5 30.b4 Ne6 31.a4 h4 32.Bxe6 fxe6 33.Kb2 h3 34.Rh1 Rh8 35.b5 axb5
36.axb5 Kg5 37.c4 Kf4 38.b6 Kxf3 39.Rxh3+ Rxh3 40.b7 Rh8 41.c5 Kxe4 42.c6 Rb8
43.Kc3 Kd5 44.c7 Rxb7 45.c8=Q Ra7 46.Kb4 Ra1 47.Qd7+ Ke4 48.Qxe6 Kf4 49.Qf6+ Ke4
50.Qh4+ Kf5 51.Qf2+ Ke6 52.Qc2 Kf6 53.Kc4 Ke6 54.Qg6+ Ke7 55.Kd5 Rd1+ 56.Kxe5 Re1+
57.Kd4 Rd1+ 58.Kc3 Ra1 59.Kb4 Rf1 60.Qe4+ Kf8 61.Kc5 Rf7 62.Kd6 Rf6+ 63.Ke5 Ra6
64.Qb4+  1-0

[Event "Open"]
[Site "Bad Woerishofen GER"]
[Date "2001.03.23"]
[Round "9"]
[White "Baramidze,D"]
[Black "Koscielski,J"]
[Result "1-0"]
[WhiteElo "2265"]
[BlackElo "2358"]

1.e4 c5 2.Nf3 d6 3.d4 cxd4 4.Nxd4 Nf6 5.Nc3 a6 6.f3 e5 7.Nb3 Be7 8.Be3 Be6
9.Qd2 O-O 10.O-O-O b5 11.Nd5 Bxd5 12.exd5 Nbd7 13.Na5 Qc7 14.Nc6 Bd8 15.Kb1 Rc8
16.c4 Nb6 17.Bxb6 Qxb6 18.cxb5 axb5 19.Rc1 Kh8 20.g3 Qb7 21.Bh3 Ra8 22.Rhd1 Bb6
23.Bf1 Bc5 24.b4 Bd4 25.Nxd4 exd4 26.Qxd4 Ra3 27.Rd3 Rfa8 28.Rxa3 Rxa3 29.f4 h6
30.Bd3 Qa8 31.Bf5 Qa4 32.Rc8+ Ng8 33.Qe4 g6 34.Qd4+ Kh7 35.Bxg6+ Kxg6 36.Rxg8+ Kh5
37.f5 Rb3+ 38.Ka1 Rxb4 39.g4+  1-0

[Event "Open"]
[Site "Bled SLO"]
[Date "2001.03.27"]
[Round "4"]
[White "Podkriznik,G"]
[Black "Stevanec,L"]
[Result "1/2-1/2"]
[WhiteElo "2342"]
[BlackElo "2100"]

1.e4 c5 2.Nf3 d6 3.d4 cxd4 4.Nxd4 Nf6 5.Nc3 a6 6.f3 e6 7.Be3 b5 8.g4 h6 9.Qd2 Nbd7
10.O-O-O Bb7 11.h4 b4 12.Na4 Qa5 13.b3 Nc5 14.a3 Nxa4 15.axb4 Qc7 16.bxa4 d5
17.e5 Nd7 18.f4 Nb6 19.f5 Nxa4 20.fxe6 Nc3 21.exf7+ Kxf7 22.Bd3 Bxb4 23.Qf2+ Kg8
24.Rdf1 Ba3+ 25.Kd2 Ne4+ 26.Bxe4 dxe4 27.Qf5 Bb4+ 28.Kd1 Qc4 29.Ne6 Qd5+
30.Ke2 Qc4+ 31.Kd1 Qd5+ 32.Ke2 Qc4+  1/2-1/2

[Event "Open"]
[Site "Bled SLO"]
[Date "2001.03.28"]
[Round "5"]
[White "Borisek,J"]
[Black "Kos,T"]
[Result "1/2-1/2"]
[WhiteElo "2189"]
[BlackElo "2402"]

1.e4 c5 2.Nf3 d6 3.d4 cxd4 4.Nxd4 Nf6 5.Nc3 a6 6.f3 e5 7.Nb3 Be6 8.Be3 Nbd7
9.Qd2 Be7 10.g4 Nb6 11.O-O-O Nc4 12.Bxc4 Bxc4 13.h4 b5 14.g5 Nd7 15.f4 a5
16.Kb1 O-O 17.Nd5 a4 18.Nc1 Bxd5 19.Qxd5 b4 20.f5 Qc7 21.f6 gxf6 22.gxf6 Nxf6
23.Rhg1+ Kh8 24.Bh6 Rg8 25.Bg7+ Rxg7 26.Qxa8+ Qd8 27.Qc6 Rxg1 28.Rxg1 Qd7
29.Qxd7 Nxd7 30.Nd3 Bxh4 31.Rg2 d5 32.exd5 f5 33.c4 bxc3 34.bxc3 f4 35.Rb2 f3
36.Nf2 Nc5 37.d6 e4 38.Ng4 h5 39.Rh2 hxg4 40.Rxh4+ Kg7 41.d7 Nxd7 42.Rxg4+ Kf6
43.Rxe4 Kf5 44.Re3 Kf4 45.Rxf3+ Kxf3 46.Kb2 Ke4 47.Ka3 Nc5 48.Kb4 Kd5 49.Kb5  1/2-1/2

[Event "TCh-CHN Men"]
[Site "Suzhou, Jiangsu CHN"]
[Date "2001.03.31"]
[Round "6"]
[White "Ni Hua"]
[Black "Wang Yaoyao"]
[Result "1-0"]
[WhiteElo "2534"]
[BlackElo "2481"]

1.e4 c5 2.Nf3 d6 3.d4 cxd4 4.Nxd4 Nf6 5.Nc3 a6 6.Be3 Ng4 7.Bc1 Nf6 8.f3 e6
9.Be3 b5 10.g4 Nfd7 11.Qd2 Nb6 12.O-O-O Bb7 13.Bg5 Be7 14.Bxe7 Qxe7 15.Nb3 Nc8
16.a3 Nc6 17.h4 O-O 18.g5 b4 19.axb4 Nxb4 20.h5 a5 21.g6 d5 22.Nd4 Nd6 23.h6 fxg6
24.hxg7 Kxg7 25.Qh6+ Kg8 26.Nxe6 Rxf3 27.Ng5 Rf2 28.Be2 Rg2 29.Nxh7 Rc8 30.Rdf1  1-0

[Event "TCh-EST"]
[Site "Parnu/Tallinn EST"]
[Date "2001.04.06"]
[Round "?"]
[White "Leito,P"]
[Black "Kulaots,K"]
[Result "0-1"]
[WhiteElo "2355"]
[BlackElo "2519"]

1.e4 c5 2.Nf3 d6 3.d4 cxd4 4.Nxd4 Nf6 5.Nc3 a6 6.f3 e6 7.Be3 b5 8.Qd2 Nbd7
9.g4 h6 10.O-O-O Bb7 11.h4 b4 12.Na4 Qa5 13.b3 Nc5 14.a3 Rc8 15.Qxb4 Qc7
16.Nb2 d5 17.Kb1 dxe4 18.Bc4 exf3 19.g5 Ng4 20.Qd2 Ne4 21.Qd3 Ne5 22.Qf1 Nc3+
23.Ka1 Qa5 24.a4 Qb4  0-1

[Event "ch-DEN"]
[Site "Nyborg DEN"]
[Date "2001.04.07"]
[Round "1"]
[White "Mortensen,E"]
[Black "Pedersen,St"]
[Result "1/2-1/2"]
[WhiteElo "2438"]
[BlackElo "2463"]

1.e4 c5 2.Nf3 d6 3.d4 cxd4 4.Nxd4 Nf6 5.Nc3 a6 6.f3 e6 7.Be3 b5 8.Qd2 Nbd7
9.g4 Nb6 10.Bd3 Bb7 11.O-O-O Rc8 12.Rhe1 Be7 13.g5 Nfd7 14.f4 Nc5 15.Kb1 b4
16.Nce2 d5 17.e5 Nc4 18.Bxc4 dxc4 19.Qxb4 Bd5 20.Nc3 Rb8 21.Nxd5 exd5 22.Nc6 Rxb4
23.Nxd8 Na4 24.Nc6 Nc3+ 25.Kc1 Nxa2+ 26.Kd2 c3+ 27.bxc3 Nxc3 28.Ra1 Ne4+
29.Kd3 Rc4 30.Rxa6 Bc5 31.Bd2 Nxd2 32.e6 O-O 33.e7 Ne4 34.exf8=Q+ Bxf8 35.Rxe4 Rxe4
36.f5 f6 37.g6 hxg6 38.fxg6 f5 39.Ra8 Re6 40.Nd4 Rxg6 41.Nxf5 Rg2 42.h4  1/2-1/2

[Event "FSIMB April"]
[Site "Budapest HUN"]
[Date "2001.04.14"]
[Round "8"]
[White "Roberts,P"]
[Black "Tian Tian"]
[Result "1/2-1/2"]
[WhiteElo "2177"]
[BlackElo "2302"]

1.e4 c5 2.Nf3 d6 3.d4 Nf6 4.Nc3 cxd4 5.Nxd4 a6 6.f3 e5 7.Nb3 Be6 8.Be3 Be7
9.Qd2 h5 10.O-O-O O-O 11.h4 Nbd7 12.Be2 b5 13.Nd5 Bxd5 14.exd5 Nb6 15.Bxb6 Qxb6
16.Qd3 Rac8 17.g4 Rc7 18.g5 Nd7 19.Kb1 Rfc8 20.g6 Rxc2 21.gxf7+ Kf8 22.Rc1 Rxc1+
23.Nxc1 Bf6 24.Qf5 Qc7 25.Nb3 Nb6 26.Rc1 Qd7 27.Rxc8+ Qxc8 28.Qxh5 Qh3 29.Qh7 Kxf7
30.f4 Qh1+ 31.Nc1 Qxd5 32.Bh5+ Ke7 33.fxe5 Bxe5 34.Qg6 Kd7 35.Nd3 Bf6 36.Bg4+ Kc7
37.h5 Nc4 38.Qf5 Qh1+ 39.Nc1 Kb6 40.Qf2+ Ka5 41.Bf3 Qf1 42.Qxf1 Nd2+ 43.Kc2 Nxf1
44.Nd3 Ne3+ 45.Kd2 Nc4+ 46.Kc2 b4 47.Bh1 Kb5 48.Bf3 Ne3+ 49.Kd2 Nf5 50.Bg4 Bg5+
51.Ke1 Nd4 52.Bc8 a5 53.b3 Kc6 54.Nb2 Nb5 55.Na4 Kd5 56.Kd1 Kd4 57.Kc2 Na3+
58.Kd1 d5 59.Bb7 Nb5 60.Bc6 Nd6 61.Kc2 Nf5 62.Bd7 Ne3+ 63.Kd2 Nc4+ 64.Kc2 Na3+
65.Kd1 Ke3 66.Nb6 d4 67.Nc4+ Nxc4 68.bxc4 Kd3 69.c5 Kc3 70.c6 Bf4 71.Be6 a4
72.Ke2 Bc7 73.Bd5 d3+ 74.Kd1 Bf4 75.Be6 Bc7 76.Bf5 Ba5 77.Be6 b3 78.axb3 a3
79.b4 Bb6 80.b5 Ba5 81.Bf7 Kb2 82.c7 Bxc7 83.Kd2 a2 84.Bxa2 Kxa2 85.Kxd3 Kb3
86.Kd4 Kb4 87.h6 gxh6 88.Ke3 Kxb5 89.Kf2  1/2-1/2

[Event "Open"]
[Site "Dubai UAE"]
[Date "2001.04.17"]
[Round "3"]
[White "Kunte,A"]
[Black "Gadjily,R"]
[Result "1-0"]
[WhiteElo "2568"]
[BlackElo "2425"]

1.e4 c5 2.Nf3 d6 3.d4 cxd4 4.Nxd4 Nf6 5.Nc3 a6 6.f3 e6 7.Be3 b5 8.g4 Bb7
9.Qd2 Nfd7 10.O-O-O Nb6 11.Bd3 N8d7 12.Kb1 Rc8 13.g5 Ne5 14.Qe1 Nbc4 15.f4 b4
16.Na4 Qa5 17.fxe5 Nxe3 18.Qxe3 Qxa4 19.exd6 Bxd6 20.Rhf1 Qa5 21.Qh3 Be5
22.Rxf7 Qb6 23.Rxb7  1-0

[Event "2nd ch-EUR Women"]
[Site "Warsaw POL"]
[Date "2001.04.22"]
[Round "1"]
[White "Paehtz,E"]
[Black "Heymann,U"]
[Result "1-0"]
[WhiteElo "2358"]
[BlackElo "2188"]

1.e4 c5 2.Nf3 d6 3.d4 cxd4 4.Nxd4 Nf6 5.Nc3 a6 6.f3 e6 7.Be3 b5 8.g4 h6 9.Qd2 Nbd7
10.O-O-O Bb7 11.Bd3 Rc8 12.Rhe1 Ne5 13.Kb1 Be7 14.h4 Nfd7 15.g5 hxg5 16.hxg5 Nc4
17.Bxc4 Rxc4 18.g6 Ne5 19.gxf7+ Kxf7 20.f4 Ng4 21.f5 exf5 22.Nxf5 Bxe4 23.Nxe4  1-0

[Event "2nd ch-EUR Women"]
[Site "Warsaw POL"]
[Date "2001.04.22"]
[Round "1"]
[White "Aginian,N"]
[Black "Dworakowska,J"]
[Result "0-1"]
[WhiteElo "2192"]
[BlackElo "2360"]

1.e4 c5 2.Nf3 d6 3.d4 cxd4 4.Nxd4 Nf6 5.Nc3 a6 6.f3 e6 7.Be3 b5 8.Qd2 Bb7
9.O-O-O Nbd7 10.g4 Nb6 11.g5 Nfd7 12.Qf2 Rc8 13.Nb3 d5 14.exd5 Nxd5 15.Nxd5 Bxd5
16.Rg1 Be7 17.f4 O-O 18.Bg2 Bxg2 19.Rxg2 Qc7 20.Kb1 Nc5 21.Nxc5 Bxc5 22.Bxc5 Qxc5
23.Qxc5 Rxc5 24.Rd6 a5 25.a3 g6 26.Rgd2 h6 27.gxh6 Kh7 28.c3 Kxh6 29.R2d3 Rf5
30.R3d4 Kg7 31.Rb6 Rh8 32.b4 e5 33.fxe5 Rxh2 34.Rd1 axb4 35.cxb4 Rxe5 36.Rbd6 g5
37.R6d5 Rhe2 38.R1d2 f5 39.Rd7+ Kg6 40.Rxe2 Rxe2 41.Rb7 g4 42.Rb8 Kf7 43.Rxb5 g3  0-1

[Event "Open"]
[Site "Dubai UAE"]
[Date "2001.04.25"]
[Round "9"]
[White "Kobalija,M"]
[Black "Jobava,Ba"]
[Result "1-0"]
[WhiteElo "2590"]
[BlackElo "2543"]

1.e4 c5 2.Nf3 d6 3.d4 Nf6 4.Nc3 cxd4 5.Nxd4 a6 6.f3 e5 7.Nb3 Be6 8.Be3 h5
9.Qd2 Nbd7 10.a4 Be7 11.Be2 O-O 12.O-O Rc8 13.a5 Nc5 14.Nxc5 dxc5 15.Qxd8 Rfxd8
16.Na4 c4 17.Kf2 Kf8 18.c3 Rc6 19.Nb6 Bc5 20.Rfd1 Rxd1 21.Rxd1 Ke7 22.h4 g6
23.Ra1 Nd7 24.Nxd7 Kxd7 25.Bxc5 Rxc5 26.Ke3 Rc8 27.Ra4 Rc5 28.Ra1 f6 29.g3 Kd6
30.Rd1+ Kc7 31.Ra1 Kc6 32.Kd2 Kd6 33.Ke3 Bf7 34.Rd1+ Ke7 35.Ra1 Be8 36.Bf1 Rc8
37.Be2 Rc7 38.Bf1 Kd6 39.Rd1+ Ke7 40.Ra1 Kd6 41.Rd1+ Ke7 42.Be2 Rc5 43.Rd5 Rc7
44.f4 Bf7 45.Rd1 Rc5 46.Ra1 Be8 47.Bf1 Bd7 48.Be2 Be8 49.f5 gxf5 50.exf5 Kf8
51.Bf3 Rc7 52.Rd1 Ke7 53.Ra1 Kf8 54.Rb1 Rg7 55.Kf2 Re7 56.Ke3 Rg7 57.Rg1 Rc7
58.Rd1 Ke7 59.Rb1 Bf7 60.Ra1 Be8 61.Ra3 Kf8 62.b3 cxb3 63.Rxb3 Ba4 64.Ra3 Be8
65.Bd5 Bf7 66.Bxf7 Kxf7 67.Rb3 Ke7 68.Ke4 Rd7 69.Rb4 Kd6 70.Rb6+ Ke7 71.c4 Rd4+
72.Ke3 Rxc4 73.Rxb7+ Kd6 74.Rb6+ Kd5 75.Rxf6 Rc3+ 76.Kd2 Rf3 77.Ke2 Ke4 78.Rxa6 Re3+
79.Kf2 Rf3+ 80.Ke2 Re3+ 81.Kf2 Rf3+ 82.Kg2 Ke3 83.f6 Rf2+ 84.Kh3 Rf3 85.Rb6 Kf2
86.Rb2+ Kg1 87.a6 Rxf6 88.Ra2 Rf8 89.a7 Ra8 90.g4 e4 91.gxh5 e3 92.Re2 Rxa7
93.Rxe3 Kf2 94.Rg3 Ra6 95.Rg6 Ra3+ 96.Kg4 Ra4+ 97.Kg5 Ra5+ 98.Kh6 Kf3 99.Re6 Kg4
100.Kg6 Kxh4 101.h6 Rg5+ 102.Kf7 Ra5 103.h7 Ra7+ 104.Kg6 Ra8 105.Re4+ Kg3
106.Kf7 Kf3 107.Re8 Ra7+ 108.Kg8  1-0

[Event "Bank Pocztowy Open A"]
[Site "Bydgoszcz POL"]
[Date "2001.04.29"]
[Round "3"]
[White "Socko,B"]
[Black "Rashkovsky,N"]
[Result "1-0"]
[WhiteElo "2554"]
[BlackElo "2503"]

1.e4 c5 2.Nf3 d6 3.d4 cxd4 4.Nxd4 Nf6 5.Nc3 a6 6.f3 e6 7.Be3 b5 8.g4 h6 9.h4 b4
10.Nce2 e5 11.Nb3 d5 12.exd5 Nxd5 13.Qd2 Be7 14.O-O-O Nxe3 15.Qxe3 Nd7 16.Bg2 Qb6
17.Qd3 a5 18.Kb1 Ra7 19.Ng3 a4 20.Nd2 Ba6 21.Nc4 Qc5 22.Nd6+ Bxd6 23.Qxd6 Qxd6
24.Rxd6 g6 25.Rhd1 Ke7 26.h5 Rg8 27.Ne4 Bb5 28.Bh3 Rc7 29.c4 Bc6 30.g5 Bxe4+
31.fxe4 Nf8 32.gxh6 Rxc4 33.Ra6 Rxe4 34.Rc1 Rh4 35.Rc7+ Kd8  1-0

[Event "Backa Open"]
[Site "Palanka YUG"]
[Date "2001.05.03"]
[Round "2"]
[White "Masic,P"]
[Black "Solcanean,S"]
[Result "1-0"]
[WhiteElo "2399"]
[BlackElo "2268"]

1.e4 c5 2.Nf3 d6 3.d4 cxd4 4.Nxd4 Nf6 5.Nc3 a6 6.f3 e6 7.Be3 b5 8.g4 Be7
9.Qd2 Nfd7 10.O-O-O Nb6 11.Bd3 Bb7 12.h4 N8d7 13.g5 b4 14.Nce2 d5 15.h5 Nc5
16.e5 Nc4 17.Bxc4 dxc4 18.g6 fxg6 19.hxg6 h6 20.Nf4 Qc8 21.Qe2 Bg5 22.Nh5 Bxe3+
23.Qxe3 Qc7 24.Nf6+ gxf6 25.exf6 O-O-O 26.Nxe6 Nxe6 27.Qxe6+ Kb8 28.g7 Rhe8
29.Rxd8+ Qxd8 30.f7 Qg5+ 31.Kb1  1-0

[Event "XXXVI Capablanca Mem Premier I"]
[Site "Havana CUB"]
[Date "2001.05.05"]
[Round "1"]
[White "Reinaldo Castineira,R"]
[Black "Szekely,P"]
[Result "1/2-1/2"]
[WhiteElo "2425"]
[BlackElo "2429"]

1.e4 c5 2.Nf3 d6 3.d4 cxd4 4.Nxd4 Nf6 5.Nc3 a6 6.f3 Nc6 7.Be3 e5 8.Nb3 Be6
9.Qd2 d5 10.exd5 Nxd5 11.Nxd5 Qxd5 12.Qxd5 Bxd5 13.c4 Be6 14.Nc5 Bxc5 15.Bxc5 O-O-O
16.Bb6  1/2-1/2